000 00768nam a22002417a 4500
003 UA-OsUOA
001 115719
007 ta
008 20160118b un ||||| |||| 00| 0 ukr d
100 _aДейнеко Л.В.
700 _aШовкун І.А.
700 _aКупчак П.М.
090 _a330(477)
_bД27
942 _cSA
040 _aUA-OsUOA
_bukr
_cUA-OsUOA
_dUA-OsUOA
245 _aТоргівля України з країнами Митного союзу: сучасні тенденції та ризики для вітчизняногопромислового виробництва
300 _aС.74-91
955 _a0
041 _aukr
080 _a330(477)
773 0 _w115714
650 7 _a330 Економіка взагалі
_2UDC
999 _c405964
_d405964